| 000 | 00562nam a22001697a 4500 | ||
|---|---|---|---|
| 005 | 20241105144007.0 | ||
| 008 | 241010b |||||||| |||| 00| 0 eng d | ||
| 020 | _a9781666871333 | ||
| 082 | _aDC 512.5 M461 2024 | ||
| 100 |
_aMeadows, Herman. _962710 |
||
| 245 |
_aIntegration concepts of linear algebra and analytic geometry / _cHerman Meadows. |
||
| 260 |
_aUSA : _bAmerican Academic Publisher, _c©2024. |
||
| 300 |
_axii, 281 pages : _billustrations ; _c26 cm. |
||
| 650 | 0 |
_aLinear algebra. _910928 |
|
| 650 | 0 |
_aAnalytic geometry. _917037 |
|
| 942 |
_2ddc _cDC |
||
| 999 |
_c22441 _d22441 |
||